Anl̀isis jurd̕ico del trabajo de la mujer en la pesca

Detalles Bibliográficos
Autor principal: Martn̕ez Yę̀z, Nora Mara̕
Otros Autores: Rodrg̕uez Rodrg̕uez, Emma
Formato: eBook
Lenguaje:español
Publicado: Barcelona: J.M. Bosch Editor, 2020
Materias:
Acceso en línea:Acceso restringido

MARC

LEADER 00000nam a22000007a 4500
005 20220428215524.0
007 cr|||| ||||
008 220428s2020 ea |||||s|||| 00||0 spa d
020 |a 978-84-122106-4-4 
035 |a 35568 
040 |a vLex 
090 |c 13249  |d 13249 
100 1 |a Martn̕ez Yę̀z, Nora Mara̕ 
245 1 0 |a Anl̀isis jurd̕ico del trabajo de la mujer en la pesca  |h [Recurso electrn̤ico] /  |c Nora Mara̕ Martn̕ez Yę̀z, Emma Rodrg̕uez Rodrg̕uez 
256 |a Servicio en ln̕ea 
260 |a Barcelona:  |b J.M. Bosch Editor,  |c 2020 
300 |a 1 recurso electrn̤ico 
500 |a Las mujeres siempre han estado presentes en la industria pesquera. Ellas se han ocupado de forma silenciosa y no reconocida de mantener los aparejos, realizar las capturas ms̀ delicadas, transportar y vender la mercanca̕ y aportar su trabajo a la industria conservera. Otras labores, sin embargo, a bordo de las embarcaciones pesqueras, les han sido vedadas por su condicin̤ femenina. Esta obra aborda, desde una perspectiva jurd̕ica, la problemt̀ica integracin̤ de la mujer en un sector todava̕ profundamente masculinizado. Las autoras, a lo largo de estas pg̀inas, analizan con detalle el tratamiento jurd̕ico peyorativo que reciben en diversos aspectos los ofi cios feminizados, as ̕como las barreras casi inexpugnables que todava̕ hoy impiden la igualdad en el acceso al empleo a bordo de buques de pesca. Trabajar en la mar es duro, presenta difi cultades de jornada, horarios y est ̀a merced de las eventualidades de los ocǎnos, pero muchas de estas mujeres son felices con sus trabajos, tal y como atestiguan en la parte fi nal de esta obra, se sienten orgullosas de sus ofi cios y reclaman seguir dedicǹdose a ellos con la dignidad y los derechos que le corresponden a toda persona trabajadora. 
506 1 |a Disponible solo en los productos indicados  |d vLex Global  |d vLex Global (Academic Edition, excluding Law Schools)  |d vLex Global (U.S. Academic Edition, Law Schools)  |d vLex Global (U.S. Academic Edition, excluding Law Schools)  |d vLex Global (Academic Edition, Law Schools) 
650 0 4 |a Derecho Laboral y Seguridad Social  |z Espaą 
650 0 4 |a Derecho Internacional  |z Espaą 
700 1 |a Rodrg̕uez Rodrg̕uez, Emma 
740 0 |a vLex Libros (Servicio en ln̕ea) 
856 4 0 |u https://app.vlex.com/#/sources/35568  |z Acceso restringido 
942 |c BOOK 
999 0 |a Labor Law and Social Security 
999 0 |a International Law